Lo Bello y lo siniestro
Saved in:
| Hovedforfatter: | |
|---|---|
| Format: | Bog |
| Sprog: | spansk |
| Udgivet: |
Barcelona
Seix Barral
1982
|
| Serier: | Colección Nuevo Ensayo
|
| Fag: | |
| Tags: |
Tilføj Tag
Ingen Tags, Vær først til at tagge denne postø!
|
MARC
| LEADER | 00000nam a2200000 a 4500 | ||
|---|---|---|---|
| 001 | UCW8541 | ||
| 003 | CL-VaPUC | ||
| 008 | 880929e19820000SP |||||||||||||||||spa|d | ||
| 082 | 0 | 4 | |a 864 |b TRI |2 21 |
| 100 | |a Trías, Eugenio |e autor |9 313744 | ||
| 245 | 1 | 3 | |a Lo Bello y lo siniestro |
| 300 | |a 190 p | ||
| 942 | |c BK | ||
| 945 | |d 19880929 00:00:00 | ||
| 260 | |a Barcelona |b Seix Barral |c 1982 | ||
| 650 | 0 | |a Estética |9 264950 | |
| 650 | 0 | |a Arte |v Filosofía |9 265049 | |
| 650 | 0 | |a Ensayos españoles |9 313128 | |
| 583 | |a last modification |c 19880929 00:00:00 |k Rodrigo Vera | ||
| 490 | 0 | |a Colección Nuevo Ensayo | |
| 999 | |c 220884 |d 220882 | ||
| 952 | |0 0 |1 0 |4 0 |6 864_000000000000000_TRI_1982 |7 0 |8 A |9 213651 |a FDOPOS |b FDOPOS |d 2019-11-15 |i 2819791 |o 864 TRI 1982 |p 2819791 |r 2023-08-09 |w 2019-11-15 |y BK |k MLH | ||